000 00551nam a2200169 i 4500
001 32475
003 ES-MaACL
005 20230906154559.0
007 t|
008 030131s1970 sp ||||1| spa d
100 1 _aBenito Ruano, Eloy.
_927689
245 1 4 _aLas más antiguas actas conservadas del Ayuntamiento de Toledo /
_cEloy Benito Ruano.
260 _a[Madrid :
_bs.n.,
_c1970]
300 _a31 h. ;
_c23 cm.
500 _aEs separata de: Revista de la Universidad de Madrid, v. XIX, n. 74, p. 41-102.
852 _aES-MaACL
_j2094-F-1
_bR.91143
999 _c32475
_d32475